| 000 | 00875nam a2200241 a 4500 | ||
|---|---|---|---|
| 001 | 000041810 | ||
| 005 | 20250630104810.0 | ||
| 008 | 131017s2004 dr a 000 0 spa d | ||
| 020 | _a8489539774 | ||
| 040 |
_aDO-SdBNP _bspa _cBNPHU |
||
| 082 |
_aRD863.44 _bH731j, 2004 |
||
| 100 | 1 |
_aHolguín Veras, Miguel A., _d1927-2007 _913921 |
|
| 245 | 1 | 0 |
_aJuro que sabré vengarme... : _bnovela histórica / _cMiguel Holguín-Veras. |
| 250 | _a3a ed. | ||
| 260 |
_aSanto Domingo : _bDe colores, _c2004. |
||
| 300 |
_a163 p. : _bil. ; _c21 cm. |
||
| 500 | _aIncluye datos biográficos del autor en la contracubierta | ||
| 590 | _aInventariado, 2020 /LP | ||
| 650 | 0 |
_aNovela histórica dominicana. _9860 |
|
| 650 | 0 |
_aLiteratura dominicana. _967 |
|
| 651 | 0 |
_aREPÚBLICA DOMINICANA _xHISTORIA _yERA DE TRUJILLO, 1930-1961 _xNOVELA _921999 |
|
| 910 | _aValidado. Control de calidad MFF | ||
| 999 |
_c41299 _d41299 |
||